[Event "57th World Juniors 2018"]
[Site "Manavgat TUR"]
[Date "2018.09.12"]
[Round "8.10"]
[White "Vavulin, Maksim"]
[Black "Batsuren, Dambasuren"]
[Result "1-0"]
[WhiteTitle "IM"]
[BlackTitle "IM"]
[WhiteElo "2559"]
[BlackElo "2446"]
[WhiteFideId "4169530"]
[BlackFideId "4902920"]
[EventDate "2018.09.05"]

1. e4 e5 2. Nf3 Nc6 3. Bb5 a6 4. Ba4 Nf6 5. O-O b5 6. Bb3 Bb7 7. Re1 Bc5 8. c3
Bb6 9. d4 d6 10. a4 O-O 11. Bg5 h6 12. Bh4 g5 13. Nxg5 hxg5 14. Bxg5 exd4 15.
Bd5 dxc3 16. Nxc3 b4 17. Ne2 Bxf2+ 18. Kh1 Bxe1 19. Qxe1 Qe7 20. Qh4 Nxd5 21.
Bxe7 Ndxe7 22. Qf6 Kh7 23. Nf4 Rg8 24. Qh4+ Kg7 25. Rf1 Ng6 26. Qg5 Ne5 27. h4
Kf8 28. Ne6+ Ke8 29. Nxc7+ Kd7 30. Nxa8 Bxa8 31. Rd1 Bxe4 32. h5 Ke6 33. Qe3
Bxg2+ 34. Kxg2 Nh4+ 35. Kf1 Nf5 36. Qb3+ Kf6 37. Qxb4 Ne3+ 38. Ke2 Nxd1 39.
Qxd6+ Kf5 40. Qxd1 Rg2+ 41. Ke3 Ng4+ 42. Kd4 Kg5 43. b4 f5 44. Kc5 Rh2 45. Kb6
Rxh5 46. Kxa6 Rh6+ 47. Kb5 f4 48. Qd5+ Kh4 49. Qf3 Rh5+ 50. Kb6 Rf5 51. a5 Ne5
52. Qf2+ Kg5 53. a6 Rf6+ 54. Kb5 Nc6 55. Ka4 f3 56. b5 Rf4+ 57. Ka3 Nd4 58. b6
Nb5+ 59. Kb3 Kg4 60. b7 Rf8 61. Qc5 1-0

[Event "57th World Juniors 2018"]
[Site "Manavgat TUR"]
[Date "2018.09.12"]
[Round "8.11"]
[White "Donchenko, Alexander"]
[Black "Janik, Igor"]
[Result "1/2-1/2"]
[WhiteTitle "GM"]
[BlackTitle "IM"]
[WhiteElo "2614"]
[BlackElo "2447"]
[WhiteFideId "24603295"]
[BlackFideId "1159259"]
[EventDate "2018.09.05"]

1. Nf3 Nf6 2. g3 g6 3. b3 Bg7 4. Bb2 O-O 5. Bg2 c5 6. c4 Nc6 7. d4 d5 8. Nbd2
dxc4 9. Nxc4 Be6 10. O-O Bxc4 11. bxc4 cxd4 12. Nxd4 Na5 13. Rc1 Rc8 14. c5 Nd7
15. Ba3 Ne5 16. Nb3 Nec6 17. Qc2 Nxb3 18. Qxb3 Nd4 19. Qc4 Qa5 20. Bb4 Qa4 21.
Bxb7 Rb8 22. c6 Nxc6 23. Qxc6 Qxb4 24. Rb1 Bb2 25. Ba6 Rb6 26. Qc2 Rfb8 27. Bc4
Qc3 28. Qxc3 Bxc3 29. Rbd1 a5 30. Rd7 R6b7 31. Rd3 Bb2 32. a4 Rc7 33. Bb5 Rbc8
34. Kg2 Rc1 35. Rxc1 Bxc1 36. f4 Rc7 37. Ba6 Bb2 38. Rd5 Bc3 39. g4 Bb4 40. Bd3
Kg7 41. h4 h6 42. Rb5 e6 43. h5 gxh5 44. Rxh5 Rc5 45. Rh1 Bd2 46. Kf3 Rc1 47.
Rxc1 Bxc1 48. Ke4 Kf6 49. Kf3 e5 50. fxe5+ Kxe5 51. Bb5 f5 52. gxf5 Kxf5 53.
Bd3+ Ke5 54. Kg4 Bd2 55. Kh5 Bc1 56. Kg4 Bd2 57. Kh5 1/2-1/2

[Event "57th World Juniors 2018"]
[Site "Manavgat TUR"]
[Date "2018.09.12"]
[Round "8.12"]
[White "Aravindh, Chithambaram VR."]
[Black "Escalante Ramirez, Brian Sebasti"]
[Result "1/2-1/2"]
[WhiteTitle "GM"]
[BlackTitle "IM"]
[WhiteElo "2578"]
[BlackElo "2436"]
[WhiteFideId "5072786"]
[BlackFideId "3819566"]
[EventDate "2018.09.05"]

1. Nf3 Nf6 2. g3 g6 3. b3 Bg7 4. Bb2 O-O 5. Bg2 d6 6. d4 a5 7. a4 c6 8. Nbd2 Qc7
9. e4 Bg4 10. h3 Bxf3 11. Qxf3 Nbd7 12. O-O Rfe8 13. Rae1 e5 14. Qd1 b5 15. Qa1
Nb6 16. f4 Nfd7 17. Rf2 bxa4 18. bxa4 c5 19. fxe5 dxe5 20. d5 c4 21. Ref1 f6 22.
Qa2 Bh6 23. Kh2 Bxd2 24. d6 Qc6 25. Rxd2 Nxa4 26. Ba1 Nab6 27. Bb2 Kg7 28. Rf3
Re6 29. Ba3 Nc5 30. Rd5 Nxe4 31. Rd1 Rd8 32. Re1 Nxd6 33. Rxf6 Qe8 34. Rxe6 Qxe6
35. Bb2 Nf7 36. Qxa5 Re8 37. Rf1 Re7 38. Ba3 Rd7 39. h4 Rd8 40. Bc5 Nd7 41. Bh3
Qd5 42. Bb4 Qxa5 43. Bxa5 Ra8 44. Bb4 Nf6 45. Be6 Nh6 46. Kh3 Re8 47. Bxc4 Nhg4
48. Bb5 Ra8 49. Re1 h5 50. Re2 Ra1 51. Bc5 Rh1+ 52. Kg2 Rh2+ 53. Kf1 Rxe2 54.
Bxe2 Ne4 55. Bxg4 hxg4 56. Bf2 Kf6 57. Ke2 Ke6 58. c4 Kd6 59. Be1 Kc5 60. Kd3
Nf6 61. Bd2 Nh5 62. Be3+ Kd6 63. Bf2 Nf6 64. Be1 Kc5 65. Bf2+ Kd6 66. Ke2 Ne4
67. Ke3 Nf6 68. Kd3 Nh5 69. Be1 Nf6 70. Bb4+ Ke6 71. Ba5 Nh5 72. Be1 Kd6 73. Kc3
Kc5 74. Bf2+ Kc6 75. Kd3 Kd6 76. Ke3 Nf6 77. Be1 Nh5 78. Bb4+ Ke6 79. Ke4 1/2-1/2

[Event "57th World Juniors 2018"]
[Site "Manavgat TUR"]
[Date "2018.09.12"]
[Round "8.13"]
[White "Narayanan, S.L."]
[Black "Philippe, Guillaume"]
[Result "1-0"]
[WhiteTitle "GM"]
[BlackTitle "FM"]
[WhiteElo "2573"]
[BlackElo "2358"]
[WhiteFideId "5058422"]
[BlackFideId "36048763"]
[EventDate "2018.09.05"]

1. d4 f5 2. Bg5 h6 3. Bh4 g5 4. e3 Nf6 5. Bg3 d6 6. Nc3 e6 7. h4 Rg8 8. hxg5
hxg5 9. Qd2 Qe7 10. O-O-O Nc6 11. f3 Bd7 12. e4 f4 13. Bf2 a6 14. Kb1 e5 15. Nd5
Nxd5 16. exd5 Nd8 17. Bd3 Nf7 18. Ne2 Bg7 19. Qa5 b6 20. Qc3 Kd8 21. Qb3 g4 22.
dxe5 Bxe5 23. Nd4 g3 24. Bg1 Qf6 25. Ne6+ Bxe6 26. dxe6 Ng5 27. Qd5 Rb8 28. Bc4
Re8 29. Rh5 Re7 30. Bd4 Bxd4 31. Rxg5 Bxb2 32. Rg8+ Re8 33. Qc6 1-0

[Event "57th World Juniors 2018"]
[Site "Manavgat TUR"]
[Date "2018.09.12"]
[Round "8.14"]
[White "Pichot, Alan"]
[Black "Garayev, Kanan"]
[Result "1-0"]
[WhiteTitle "GM"]
[BlackTitle "FM"]
[WhiteElo "2562"]
[BlackElo "2404"]
[WhiteFideId "110973"]
[BlackFideId "13406671"]
[EventDate "2018.09.05"]

1. e4 e5 2. Nf3 Nc6 3. Bb5 a6 4. Ba4 Nf6 5. O-O b5 6. Bb3 Bc5 7. a4 Rb8 8. c3 d6
9. d4 Bb6 10. a5 Nxa5 11. Rxa5 Bxa5 12. dxe5 Ng4 13. Bg5 Qd7 14. e6 fxe6 15. Nd4
Ne5 16. Bxe6 Qxe6 17. Nxe6 Bxe6 18. Nd2 O-O 19. Be3 b4 20. Bd4 bxc3 21. Bxc3
Bxc3 22. bxc3 Rb2 23. f4 Nc4 24. Nxc4 Bxc4 25. Rf3 Re2 26. Qd4 Re1+ 27. Kf2 Re2+
28. Kg1 Re1+ 29. Kf2 Re2+ 30. Kg3 Bb5 31. Qd5+ Kh8 32. c4 Be8 33. c5 Rf6 34. f5
h6 35. cxd6 cxd6 36. Qa8 Rf8 37. Rc3 Rg8 38. Rc8 Bf7 39. Rxg8+ Bxg8 40. Kf3 Re1
41. Kf2 Ra1 42. Qf8 1-0

[Event "57th World Juniors 2018"]
[Site "Manavgat TUR"]
[Date "2018.09.12"]
[Round "8.15"]
[White "Lomasov, Semyon"]
[Black "Muradli, Mahammad"]
[Result "1/2-1/2"]
[WhiteTitle "IM"]
[BlackTitle "IM"]
[WhiteElo "2545"]
[BlackElo "2407"]
[WhiteFideId "24164879"]
[BlackFideId "13409301"]
[EventDate "2018.09.05"]

1. e4 c5 2. Nf3 d6 3. Nc3 a6 4. g3 g6 5. Bg2 Bg7 6. O-O Nc6 7. d3 Nf6 8. h3 O-O
9. Be3 Rb8 10. Qd2 b5 11. Bh6 e5 12. a4 b4 13. Ne2 d5 14. exd5 Nxd5 15. Bxg7
Kxg7 16. Nc1 Nd4 17. Nxe5 Re8 18. Ng4 f5 19. Nh2 f4 20. c3 fxg3 21. cxd4 gxh2+
22. Kh1 cxd4 23. Ne2 Bb7 24. Rac1 Nf6 25. Bxb7 Rxb7 26. Ng3 Qd6 27. Rfe1 Rbe7
28. Rxe7+ Rxe7 29. Kxh2 Nh5 30. Rg1 b3 31. Qd1 Rf7 32. Qe2 Rc7 33. Rd1 Rc2 34.
Rd2 Qc7 35. h4 a5 36. Qe1 Nxg3 37. fxg3 Rxd2+ 38. Qxd2 Qc2 39. Qg2 h5 40. Kh3
Qxd3 41. Qb7+ Kh6 42. Qb8 Qf5+ 43. Kh2 Qf2+ 44. Kh3 Qf1+ 45. Kh2 Qf2+ 46. Kh3
Kg7 47. Qc7+ Kg8 48. Qd8+ Kh7 49. Qc7+ Kh6 50. Qb8 1/2-1/2

[Event "57th World Juniors 2018"]
[Site "Manavgat TUR"]
[Date "2018.09.12"]
[Round "8.16"]
[White "Gokerkan, Cem Kaan"]
[Black "Santos Ruiz, Miguel"]
[Result "1/2-1/2"]
[WhiteTitle "IM"]
[BlackTitle "GM"]
[WhiteElo "2416"]
[BlackElo "2524"]
[WhiteFideId "6336760"]
[BlackFideId "22291482"]
[EventDate "2018.09.05"]

1. e4 c5 2. Ne2 Nf6 3. Nbc3 d5 4. exd5 Nxd5 5. g3 b6 6. Bg2 Bb7 7. Ne4 Qd7 8.
O-O e6 9. c4 Nf6 10. Nxf6+ gxf6 11. d4 Bxg2 12. Kxg2 Nc6 13. d5 exd5 14. cxd5
O-O-O 15. Nc3 Nb4 16. Qh5 Bd6 17. Rd1 Be5 18. a3 Nc2 19. Ra2 Nd4 20. Bh6 Nf5 21.
Raa1 Nxh6 22. Qxh6 Qf5 23. Rac1 Kb8 24. Qh3 Qg6 25. Qh4 h5 26. b4 cxb4 27. axb4
Qg4 28. Qxg4 hxg4 29. Ne2 Kb7 30. Rc4 f5 31. b5 Rd7 32. Nf4 Rhd8 33. Re1 f6 34.
Ne6 Rh8 35. Rd1 Rdh7 36. Rh1 Rd7 37. Rd1 Rdh7 38. Rh1 Rd7 1/2-1/2

[Event "57th World Juniors 2018"]
[Site "Manavgat TUR"]
[Date "2018.09.12"]
[Round "8.17"]
[White "Percivaldi, Martin"]
[Black "Yakubboev, Nodirbek"]
[Result "1/2-1/2"]
[WhiteTitle "IM"]
[BlackTitle "IM"]
[WhiteElo "2376"]
[BlackElo "2521"]
[WhiteFideId "1508148"]
[BlackFideId "14203987"]
[EventDate "2018.09.05"]

1. Nf3 d5 2. g3 Nc6 3. d4 Bg4 4. Bg2 Qd7 5. O-O f6 6. c3 Bh3 7. Nbd2 Bxg2 8.
Kxg2 e6 9. e4 g5 10. Re1 O-O-O 11. b4 h5 12. Qa4 h4 13. b5 Nb8 14. e5 hxg3 15.
fxg3 Qh7 16. Nf1 g4 17. Ng1 Bh6 18. Qxa7 fxe5 19. dxe5 Rf8 20. b6 Ne7 21. Bxh6
Qxh6 22. bxc7 Nbc6 23. Qe3 Qh7 24. Rab1 Rxf1 25. Kxf1 Qc2 26. Qe2 Rxh2 27. Qxc2
Rxc2 28. Ne2 Nf5 29. Rec1 Rxa2 30. Ra1 Rd2 31. Ke1 Rd3 32. Nf4 Re3+ 33. Kd2 Nxe5
34. Ra8+ Kxc7 35. Nxe6+ Kd6 36. Nd4 Rd3+ 37. Kc2 Nxd4+ 38. cxd4 Rxd4 39. Rb1
Rc4+ 40. Kd2 Rd4+ 1/2-1/2

[Event "57th World Juniors 2018"]
[Site "Manavgat TUR"]
[Date "2018.09.12"]
[Round "8.18"]
[White "Lagunow, Raphael"]
[Black "Jarmula, Lukasz"]
[Result "1-0"]
[WhiteTitle "FM"]
[BlackTitle "IM"]
[WhiteElo "2403"]
[BlackElo "2504"]
[WhiteFideId "24652644"]
[BlackFideId "1160664"]
[EventDate "2018.09.05"]

1. e4 e6 2. d4 d5 3. Nd2 c5 4. exd5 Qxd5 5. Ngf3 cxd4 6. Bc4 Qd7 7. O-O Nc6 8.
Nb3 a6 9. a4 Nf6 10. Qe2 Bd6 11. Rd1 e5 12. Nbxd4 Nxd4 13. Rxd4 Qe7 14. Rxd6
Qxd6 15. b3 e4 16. Ba3 Qf4 17. Qe1 Be6 18. Qa5 Rc8 19. Ne5 Ng4 20. Nxg4 Qxg4 21.
Qb4 Rc7 22. Qd6 Rd7 23. Qb8+ Rd8 24. Qxb7 Rd7 25. Qc8+ Rd8 26. Qc6+ Rd7 27. Re1
h5 28. Bxa6 f6 29. Rxe4 Kf7 30. Rxg4 Rd1+ 31. Bf1 hxg4 32. f3 Rc8 33. Qe4 Re8
34. Qe2 Ra1 35. Bb4 Rd8 36. fxg4 Rdd1 37. Kf2 Bd5 38. Qe7+ Kg6 39. Bd3+ 1-0

[Event "57th World Juniors 2018"]
[Site "Manavgat TUR"]
[Date "2018.09.12"]
[Round "8.19"]
[White "Zou, Chen"]
[Black "Bellahcene, Bilel"]
[Result "0-1"]
[WhiteTitle "FM"]
[BlackTitle "GM"]
[WhiteElo "2365"]
[BlackElo "2501"]
[WhiteFideId "8610959"]
[BlackFideId "696358"]
[EventDate "2018.09.05"]

1. e4 c5 2. Nf3 d6 3. d4 cxd4 4. Nxd4 Nf6 5. Nc3 a6 6. f3 e5 7. Nb3 Be6 8. Be3
Nbd7 9. Qd2 b5 10. O-O-O h5 11. Nd5 Rc8 12. Qa5 Nxd5 13. exd5 Bf5 14. Qxd8+ Kxd8
15. c4 bxc4 16. Na5 c3 17. Nc6+ Kc7 18. Bxa6 Ra8 19. Bc4 cxb2+ 20. Kxb2 g6 21.
a4 Bh6 22. Bxh6 Rxh6 23. Bb5 Nc5 24. Ra1 Rhh8 25. Rhc1 Rhe8 26. Ka3 e4 27. Kb4
exf3 28. gxf3 Bd3 29. Re1 Bf5 30. Rec1 Re3 31. Rxc5 dxc5+ 32. Kxc5 Rc3+ 33. Kd4
Rxf3 34. Ne5 Rf2 35. Nxf7 Rxh2 36. a5 Rd2+ 37. Ke5 Rf8 38. d6+ Kb8 39. Bc4 h4
40. Rh1 h3 41. Kf6 h2 42. Ke7 Rxf7+ 43. Bxf7 Re2+ 44. Kd8 Be4 45. Ra1 h1=Q 46.
Rxh1 Bxh1 47. Bxg6 Re6 48. d7 Rxg6 49. Ke7 Rg7+ 50. Kd6 Rg8 51. a6 Ba8 52. a7+
Kb7 53. Ke7 Kc7 0-1

[Event "57th World Juniors 2018"]
[Site "Manavgat TUR"]
[Date "2018.09.12"]
[Round "8.20"]
[White "Lee, Jun Hyeok"]
[Black "Harsha, Bharathakoti"]
[Result "1/2-1/2"]
[WhiteTitle "FM"]
[BlackTitle "IM"]
[WhiteElo "2263"]
[BlackElo "2474"]
[WhiteFideId "13202340"]
[BlackFideId "5078776"]
[EventDate "2018.09.05"]

1. Nf3 f5 2. c4 Nf6 3. e3 g6 4. b4 Bg7 5. Bb2 O-O 6. Be2 d6 7. d4 Qe8 8. Qb3 h6
9. O-O c6 10. a4 Be6 11. Nc3 Nbd7 12. d5 Bf7 13. a5 c5 14. Na4 Ne4 15. Bxg7 Kxg7
16. Nd2 Nxd2 17. Qb2+ Kh7 18. Qxd2 cxb4 19. Qxb4 Rb8 20. Qb1 Qd8 21. Nc3 a6 22.
e4 f4 23. Qb4 b6 24. axb6 Qxb6 25. Qxb6 Rxb6 26. Rfc1 Rfb8 27. Na4 Rb4 28. f3
Rc8 29. c5 dxc5 30. Bxa6 Rc7 31. Nc3 Ra7 32. Nb5 Ra8 33. Nc7 Ra7 34. Nb5 Ra8 35.
Nc7 Ra7 36. Nb5 1/2-1/2

[Event "57th World Juniors 2018"]
[Site "Manavgat TUR"]
[Date "2018.09.12"]
[Round "8.21"]
[White "Gavrilescu, David"]
[Black "Schekachikhin, Maksim"]
[Result "1-0"]
[WhiteTitle "FM"]
[BlackTitle "IM"]
[WhiteElo "2470"]
[BlackElo "2356"]
[WhiteFideId "1227190"]
[BlackFideId "24177830"]
[EventDate "2018.09.05"]

1. e4 c5 2. Nf3 e6 3. d4 cxd4 4. Nxd4 Nc6 5. Nc3 Qc7 6. Be3 Nf6 7. f4 Bb4 8. Nb5
Qa5 9. e5 Ne4 10. Bd3 Nxc3 11. bxc3 Bxc3+ 12. Kf2 Bxa1 13. Nd6+ Ke7 14. Qxa1 b6
15. a4 Ba6 16. Bxa6 Qxa6 17. Qa3 Kf8 18. f5 Kg8 19. Rb1 Nxe5 20. Rb5 Ng4+ 21.
Kf3 Nxe3 22. Kxe3 Rc8 23. f6 Rc5 24. Qxc5 gxf6 25. Qh5 1-0

[Event "57th World Juniors 2018"]
[Site "Manavgat TUR"]
[Date "2018.09.12"]
[Round "8.22"]
[White "Barseghyan, Harutyun"]
[Black "Sawlin, Leonid"]
[Result "1-0"]
[WhiteTitle "IM"]
[BlackTitle "FM"]
[WhiteElo "2466"]
[BlackElo "2355"]
[WhiteFideId "13304585"]
[BlackFideId "4689542"]
[EventDate "2018.09.05"]

1. d4 d6 2. Nf3 g6 3. c4 Bg7 4. Nc3 Nf6 5. e4 O-O 6. Be2 c5 7. d5 a6 8. a4 Nbd7
9. O-O Ne8 10. Bf4 Ne5 11. Nxe5 dxe5 12. Be3 Qc7 13. a5 Bd7 14. Na4 Bxa4 15.
Qxa4 Nf6 16. f3 Rfb8 17. Ra2 Nd7 18. Rfa1 Bf8 19. Qc2 Rc8 20. g3 e6 21. Rc1 Rab8
22. Kh1 Qd8 23. Qd2 Qc7 24. Bf1 b6 25. axb6 Rxb6 26. Qc2 Qb7 27. Bd2 Rb8 28. Bc3
Bh6 29. Re1 Rf8 30. Bd3 Ra8 31. Qe2 Bf8 32. Bc2 Qb8 33. Ba4 Nf6 34. Rea1 Ra7 35.
Bc6 Ne8 36. Qc2 Bg7 37. Ra5 Bf8 38. R1a2 Bd6 39. R5a3 Qc8 40. Rb3 Rb8 41. Rxb8
Qxb8 42. Qa4 Nf6 43. Kg2 g5 44. Qc2 Kg7 45. Ra1 Bc7 46. Rh1 Qc8 47. Qd2 Kg6 48.
h4 h6 49. hxg5 hxg5 50. Kf1 Qf8 51. Qh2 a5 52. f4 Nxe4 53. Qh7+ 1-0

[Event "57th World Juniors 2018"]
[Site "Manavgat TUR"]
[Date "2018.09.12"]
[Round "8.23"]
[White "Lodici, Lorenzo"]
[Black "Ozen, Bahadir"]
[Result "1-0"]
[WhiteTitle "IM"]
[BlackTitle "FM"]
[WhiteElo "2458"]
[BlackElo "2326"]
[WhiteFideId "884189"]
[BlackFideId "6337058"]
[EventDate "2018.09.05"]

1. d4 d5 2. c4 e6 3. Nc3 Nf6 4. cxd5 exd5 5. Bg5 Be7 6. e3 O-O 7. Bd3 c6 8. Qc2
Nbd7 9. Nge2 Re8 10. O-O Nf8 11. f3 g6 12. Rad1 Ne6 13. Bh4 b5 14. Kh1 Bb7 15.
Bf2 b4 16. Na4 Qa5 17. Nf4 Nd7 18. Nxe6 fxe6 19. h4 c5 20. Nxc5 Nxc5 21. dxc5
Qxc5 22. Bxg6 Qxc2 23. Bxc2 Bf6 24. b3 Rec8 25. Bd3 a5 26. e4 a4 27. e5 Be7 28.
f4 axb3 29. axb3 Ba6 30. Bxa6 Rxa6 31. Rd3 Ra2 32. Bd4 Bxh4 33. f5 exf5 34. Rh3
Bg5 35. Rxf5 h6 36. e6 Bd2 37. Rf7 Rc1+ 38. Kh2 Re1 39. Rg7+ Kf8 40. Rf3+ Ke8
41. Bc5 1-0

[Event "57th World Juniors 2018"]
[Site "Manavgat TUR"]
[Date "2018.09.12"]
[Round "8.24"]
[White "Martirosyan, Haik M."]
[Black "Nikolovski, Nikola"]
[Result "1-0"]
[WhiteTitle "GM"]
[BlackTitle "IM"]
[WhiteElo "2597"]
[BlackElo "2388"]
[WhiteFideId "13306553"]
[BlackFideId "15002314"]
[EventDate "2018.09.05"]

1. e4 c5 2. Nf3 d6 3. d4 cxd4 4. Nxd4 Nf6 5. Nc3 g6 6. g3 Bg7 7. Bg2 O-O 8. h3
Nc6 9. Nde2 Rb8 10. O-O b5 11. Be3 a5 12. a4 bxa4 13. Nxa4 Ba6 14. Re1 Nd7 15.
Rb1 Kh8 16. Nf4 Bb5 17. Nc3 Bc4 18. Qd2 Nc5 19. b3 Ba6 20. Rbd1 Qc8 21. h4 Ne5
22. Ncd5 Qd8 23. Bd4 a4 24. bxa4 Nc4 25. Bxg7+ Kxg7 26. Qc3+ e5 27. Ra1 Nb2 28.
Nh3 Nbxa4 29. Qe3 Bc4 30. h5 Rb2 31. Nc3 Rb4 32. f4 Qb6 33. Kh2 Nxc3 34. Qxc3 f6
35. Red1 Rd8 36. fxe5 fxe5 37. Qd2 h6 38. hxg6 Ne6 39. Qc3 Be2 40. Re1 Bh5 41.
Nf4 Nxf4 42. gxf4 Bxg6 43. f5 Bf7 44. Re3 Rc4 45. Rg3+ Kf6 46. Qd2 Rh8 47. Rh3
Ke7 48. Rxh6 Rxh6+ 49. Qxh6 Rxc2 50. Ra8 Qf2 51. Qf8+ Kf6 52. Qd8+ 1-0

[Event "57th World Juniors 2018"]
[Site "Manavgat TUR"]
[Date "2018.09.12"]
[Round "8.25"]
[White "Xu, Xiangyu"]
[Black "Miciano, John Marvin"]
[Result "1-0"]
[WhiteTitle "GM"]
[BlackTitle "IM"]
[WhiteElo "2586"]
[BlackElo "2374"]
[WhiteFideId "8608288"]
[BlackFideId "5211948"]
[EventDate "2018.09.05"]

1. e4 g6 2. d4 Bg7 3. Nc3 d6 4. f4 Nf6 5. Nf3 O-O 6. a3 Na6 7. e5 Nd7 8. Be3 c5
9. Qe2 cxd4 10. Bxd4 dxe5 11. fxe5 Nc7 12. O-O-O Ne6 13. Bf2 Qe8 14. Qe4 Nb8 15.
Bc4 Nc6 16. Rhe1 Nc7 17. Qh4 h5 18. h3 Be6 19. Bf1 Rd8 20. g4 Rxd1+ 21. Rxd1 f6
22. gxh5 g5 23. Qg3 Qxh5 24. exf6 exf6 25. Be2 Qf7 26. Nd4 Nxd4 27. Bxd4 Nd5 28.
Nxd5 Bxd5 29. h4 Rc8 30. Bd3 Qc7 31. Qg4 Qf4+ 32. Qxf4 gxf4 33. Bxa7 Bc6 34. Bd4
f3 35. Rg1 Kh8 36. Kd2 Rd8 37. c3 Bd5 38. Ke3 Rd6 39. Kf2 Kg8 40. Bf5 Kf7 41.
Bg4 Bh6 42. Bh5+ Ke6 43. Rg6 Bc1 44. Rxf6+ Ke7 45. Rxd6 Kxd6 46. Bxf3 Bxb2 47.
Bxd5 Kxd5 48. h5 Bc1 49. Ke2 Kc4 50. Kd1 Bh6 51. Kc2 b5 52. Bf6 Bf8 53. Bg5 Bg7
54. h6 Bxc3 55. Bc1 Kd5 1-0

[Event "57th World Juniors 2018"]
[Site "Manavgat TUR"]
[Date "2018.09.12"]
[Round "8.26"]
[White "Repka, Christopher"]
[Black "Gorshtein, Ido"]
[Result "1/2-1/2"]
[WhiteTitle "GM"]
[BlackTitle "FM"]
[WhiteElo "2523"]
[BlackElo "2383"]
[WhiteFideId "14918781"]
[BlackFideId "2815532"]
[EventDate "2018.09.05"]

1. c4 c5 2. g3 Nc6 3. Bg2 g6 4. e3 Bg7 5. Ne2 e6 6. Nbc3 Nge7 7. d4 cxd4 8. exd4
d5 9. cxd5 exd5 10. Bg5 Be6 11. Nf4 Qd7 12. Bxe7 Nxe7 13. O-O O-O 14. Re1 Rae8
15. Rc1 Nf5 16. Nce2 Rc8 17. Rc3 Rc6 18. Qa4 Rfc8 19. Rxc6 bxc6 20. Rc1 Qb7 21.
b3 Bd7 22. h4 Re8 23. Bf3 Re7 24. Nd3 Qb6 25. Nc5 1/2-1/2

[Event "57th World Juniors 2018"]
[Site "Manavgat TUR"]
[Date "2018.09.12"]
[Round "8.27"]
[White "Sanal, Vahap"]
[Black "Nikitenko, Mihail"]
[Result "0-1"]
[WhiteTitle "GM"]
[BlackTitle "IM"]
[WhiteElo "2502"]
[BlackElo "2368"]
[WhiteFideId "6300545"]
[BlackFideId "13506862"]
[EventDate "2018.09.05"]

1. e4 e5 2. Nf3 Nc6 3. Bb5 a6 4. Ba4 Nf6 5. O-O Nxe4 6. d4 b5 7. Bb3 d5 8. dxe5
Be6 9. Nbd2 Be7 10. c3 O-O 11. Bc2 f5 12. Nd4 Qd7 13. Nxc6 Qxc6 14. Nb3 Qb6 15.
Nd4 c5 16. Nxe6 Qxe6 17. f3 Ng5 18. a4 Rad8 19. axb5 axb5 20. Ra7 Rd7 21. Rxd7
Qxd7 22. Kh1 Ne6 23. f4 g6 24. Be3 Rd8 25. Qf3 d4 26. Rd1 Qc7 27. Bg1 dxc3 28.
bxc3 Rxd1 29. Bxd1 Kg7 30. g4 Qd7 31. gxf5 gxf5 32. Be2 c4 33. Be3 Bc5 34. Bc1
Qa7 35. Kg2 Qa2 36. Qg3+ Kf8 37. Qe1 Qc2 38. Kg3 Qe4 39. Qd2 Qb7 40. Qd1 Kg8 41.
h4 Qg7+ 42. Kh2 Bf2 43. Kh1 Qg3 44. Qf1 Qxh4+ 45. Kg2 Qg3+ 46. Kh1 Qxc3 47. Bh5
Kf8 48. Be2 Be1 49. Bb2 Qxb2 50. Qxe1 Nxf4 51. Bf3 Nd3 52. Qh4 Qxe5 53. Qd8+ Kg7
54. Qg5+ Kf7 55. Bh5+ Ke6 56. Qg8+ Kd6 57. Qb8+ Kc5 58. Qf8+ Kd4 0-1

[Event "57th World Juniors 2018"]
[Site "Manavgat TUR"]
[Date "2018.09.12"]
[Round "8.28"]
[White "Asadli, Vugar"]
[Black "Can, Isik"]
[Result "0-1"]
[WhiteTitle "IM"]
[BlackTitle "FM"]
[WhiteElo "2492"]
[BlackElo "2361"]
[WhiteFideId "13405764"]
[BlackFideId "6383742"]
[EventDate "2018.09.05"]

1. e4 e5 2. Nf3 Nc6 3. Bb5 a6 4. Ba4 Nf6 5. O-O Be7 6. Re1 b5 7. Bb3 d6 8. c3
O-O 9. h3 Na5 10. Bc2 c5 11. d4 Qc7 12. Nbd2 cxd4 13. cxd4 Bd7 14. d5 Rfc8 15.
Bd3 Nb7 16. Nb3 Nc5 17. Nxc5 dxc5 18. Bg5 c4 19. Bc2 Bc5 20. b3 Ne8 21. bxc4 f6
22. Bd2 bxc4 23. Bc3 Nd6 24. a4 Rab8 25. Qd2 a5 26. Nxe5 fxe5 27. Bxe5 Rf8 28.
Re2 Rbe8 29. Bh2 c3 30. Qe1 Bc8 31. Bd3 Qa7 32. Raa2 Ba6 33. Bxa6 Qxa6 34. e5
Qc4 35. Rac2 Rxf2 36. Rxf2 Ne4 37. d6 Nxf2 38. d7 Rf8 39. Rxf2 Bxf2+ 40. Qxf2
Rxf2 0-1

[Event "57th World Juniors 2018"]
[Site "Manavgat TUR"]
[Date "2018.09.12"]
[Round "8.29"]
[White "Krishna Teja, N"]
[Black "Lorparizangeneh, Shahin"]
[Result "0-1"]
[WhiteTitle "IM"]
[BlackTitle "GM"]
[WhiteElo "2356"]
[BlackElo "2491"]
[WhiteFideId "5001498"]
[BlackFideId "12521604"]
[EventDate "2018.09.05"]

1. d4 Nf6 2. c4 g6 3. Nc3 d5 4. Nf3 Bg7 5. cxd5 Nxd5 6. e4 Nxc3 7. bxc3 c5 8.
Be3 Bg4 9. Rc1 Qa5 10. Qd2 O-O 11. Be2 Nd7 12. d5 c4 13. Bd4 Bxf3 14. Bxf3 Bxd4
15. Qxd4 Qc5 16. Qd2 b5 17. O-O Ne5 18. Bd1 e6 19. Bc2 exd5 20. exd5 Rad8 21.
Rcd1 Nd3 22. Bxd3 Qxd5 23. Rfe1 cxd3 24. Kf1 Rd6 25. Re7 Rfd8 26. Rde1 R6d7 27.
R7e5 Qc6 28. R1e4 Rc8 29. Qh6 Qxe4 30. Rxe4 d2 0-1

[Event "57th World Juniors 2018"]
[Site "Manavgat TUR"]
[Date "2018.09.12"]
[Round "8.30"]
[White "Murphy, Conor E"]
[Black "Sadikhov, Ulvi"]
[Result "0-1"]
[WhiteTitle "FM"]
[BlackTitle "IM"]
[WhiteElo "2357"]
[BlackElo "2491"]
[WhiteFideId "421669"]
[BlackFideId "13401416"]
[EventDate "2018.09.05"]

1. d4 Nf6 2. c4 g6 3. Nc3 Bg7 4. e4 d6 5. Bd3 Nbd7 6. Nge2 c5 7. d5 Ne5 8. Bb1
a6 9. b3 b5 10. f4 Ned7 11. Bb2 bxc4 12. bxc4 Rb8 13. Bc1 O-O 14. Bd3 Nb6 15. h3
e6 16. Qc2 exd5 17. exd5 Nxc4 18. Bxc4 Rb4 19. Nd1 Bf5 20. Bd3 Ne4 21. a3 Qh4+
22. Kf1 Rd4 23. Bxe4 Bxe4 24. Nxd4 Bxc2 25. Nxc2 Bxa1 26. Nxa1 Rb8 27. Nb2 Qf6 0-1